00489nam a2200217Ia 4500008004100000020001800041050001400059100001700073245001700090245002800107245002000135260001500155260001600170260000900186300001600195300002000211300001000231300001600241440000600257500000800263170918s9999 xx 000 0 und d a9789810919214 bS795 2015 aWatson, Jude aJedi quest : bthe trail of the Jedi / cby Jude Watson. aNew York : bScholastic, c2015 a128 pages : billustrations ; c19cm. eStar wars ; a2 a560